[Event "DEM U16w 2019"]
[Site "Willingen GER"]
[Date "2019.06.09"]
[Round "2"]
[White "Peschel, Julia"]
[Black "Sinnhöfer, Lilian"]
[Result "0-1"]
[Termination "normal"]
[Board "13"]
[WhiteElo "1275"]
[BlackElo "1396"]
[WhiteClock "00:28:53"]
[BlackClock "00:07:50"]
[PlyCount "60"]
[WhiteFideId "16255593"]
[BlackFideId "12977586"]
[EventCountry "GER"]
[EventRounds "9"]
[EventType "swiss"]
[EventDate "2019.06.08"]

1. e4 {[%clk 1:30:57]} 1... e5 {[%clk 1:30:59]} 2. Nf3 {[%clk 1:31:17]} 2...
Nc6 {[%clk 1:31:21]} 3. Bc4 {[%clk 1:31:40]} 3... Bc5 {[%clk 1:31:33]} 4. c3 {
[%clk 1:31:56]} 4... Nf6 {[%clk 1:29:51]} 5. d3 {[%clk 1:31:56]} 5... h6 {
[%clk 1:26:13]} 6. Bb3 {[%clk 1:31:16]} 6... d6 {[%clk 1:25:24]} 7. Nbd2 {
[%clk 1:30:46]} 7... Bg4 {[%clk 1:22:11]} 8. h3 {[%clk 1:28:54]} 8... Bh5 {
[%clk 1:21:55]} 9. Nf1 {[%clk 1:26:04]} 9... d5 {[%clk 1:11:27]} 10. exd5 {
[%clk 1:23:08]} 10... Nxd5 {[%clk 1:09:56]} 11. Ng3 {[%clk 1:22:07]} 11... Bg6
{[%clk 1:05:34]} 12. O-O {[%clk 1:18:46]} 12... Nde7 {[%clk 0:46:57]} 13. Bc2 {
[%clk 1:10:14]} 13... Qd6 {[%clk 0:38:12]} 14. Re1 {[%clk 1:07:55]} 14... O-O {
[%clk 0:34:01]} 15. Be3 {[%clk 1:05:51]} 15... Bxe3 {[%clk 0:31:05]} 16. Rxe3 {
[%clk 1:06:09]} 16... Nd5 {[%clk 0:27:13]} 17. Re1 {[%clk 1:03:28]} 17... Nf4 {
[%clk 0:24:39]} 18. Ne4 {[%clk 1:01:48]} 18... Bxe4 {[%clk 0:23:35]} 19. Rxe4 {
[%clk 0:58:09]} 19... f5 {[%clk 0:22:51]} 20. Re1 {[%clk 0:56:34]} 20... Qg6 {
[%clk 0:21:05]} 21. g3 {[%clk 0:41:22]} 21... Nxh3+ {[%clk 0:19:54]} 22. Kf1 {
[%clk 0:39:07]} 22... f4 {[%clk 0:14:53]} 23. d4 {[%clk 0:36:49]} 23... Qg4 {
[%clk 0:13:27]} 24. Nh4 {[%clk 0:34:54]} 24... fxg3 {[%clk 0:11:57]} 25. Re4 {
[%clk 0:29:19]} 25... Qxd1+ {[%clk 0:09:13]} 26. Bxd1 {[%clk 0:28:33]} 26...
Rxf2+ {[%clk 0:08:24]} 27. Ke1 {[%clk 0:28:53]} 27... g2 {[%clk 0:07:50]} 28.
Rg4 exd4 29. Rxg2 Re8+ 30. Be2 Rexe2+ 0-1